<?xml version="1.0" encoding="UTF-8"?><?xml-stylesheet type="text/xsl" href="static/style.xsl"?><OAI-PMH xmlns="http://www.openarchives.org/OAI/2.0/" xmlns:xsi="http://www.w3.org/2001/XMLSchema-instance" xsi:schemaLocation="http://www.openarchives.org/OAI/2.0/ http://www.openarchives.org/OAI/2.0/OAI-PMH.xsd"><responseDate>2026-04-28T19:34:36Z</responseDate><request verb="GetRecord" identifier="oai:uvadoc.uva.es:10324/7749" metadataPrefix="marc">https://uvadoc.uva.es/oai/request</request><GetRecord><record><header><identifier>oai:uvadoc.uva.es:10324/7749</identifier><datestamp>2021-08-26T08:44:12Z</datestamp><setSpec>com_10324_38</setSpec><setSpec>col_10324_852</setSpec></header><metadata><record xmlns="http://www.loc.gov/MARC21/slim" xmlns:doc="http://www.lyncode.com/xoai" xmlns:xsi="http://www.w3.org/2001/XMLSchema-instance" xmlns:dcterms="http://purl.org/dc/terms/" xsi:schemaLocation="http://www.loc.gov/MARC21/slim http://www.loc.gov/standards/marcxml/schema/MARC21slim.xsd">
<leader>00925njm 22002777a 4500</leader>
<datafield tag="042" ind1=" " ind2=" ">
<subfield code="a">dc</subfield>
</datafield>
<datafield tag="720" ind1=" " ind2=" ">
<subfield code="a">Hernando Lera, Lucía</subfield>
<subfield code="e">author</subfield>
</datafield>
<datafield tag="260" ind1=" " ind2=" ">
<subfield code="c">2014</subfield>
</datafield>
<datafield tag="520" ind1=" " ind2=" ">
<subfield code="a">La realización de este trabajo de fin de grado está dividida en una primera parte basada en una revisión teórica sobre la Psicología Positiva y, concretamente, sobre dos de sus principales áreas o temas de estudio: Emociones Positivas y Resiliencia. La segunda parte se centra en la aplicación de estas áreas en la intervención educativa, mediante una propuesta de intervención contextualizada en un entorno sociofamiliar con Síndrome de Down. Esta propuesta nos permite observar que el cambio de modelo que está experimentando la psicología está también presente en la intervención educativa en personas con discapacidad intelectual. Con ello pretendemos que nuestra aplicación en la intervención se base en el fortalecimiento de las competencias y capacidades de cada uno de nuestros alumnos lo que nos conduce a una visión o enfoque de la misma más orientada a las fortalezas de las personas donde los apoyos ocupan un papel primordial en dicha intervención.</subfield>
</datafield>
<datafield tag="024" ind2=" " ind1="8">
<subfield code="a">http://uvadoc.uva.es/handle/10324/7749</subfield>
</datafield>
<datafield ind1=" " ind2=" " tag="653">
<subfield code="a">Resiliencia (Rasgo de personalidad)</subfield>
</datafield>
<datafield ind1=" " ind2=" " tag="653">
<subfield code="a">Psicologia positiva</subfield>
</datafield>
<datafield ind1=" " ind2=" " tag="653">
<subfield code="a">Educación especial</subfield>
</datafield>
<datafield ind1=" " ind2=" " tag="653">
<subfield code="a">Down, Síndrome de</subfield>
</datafield>
<datafield tag="245" ind1="0" ind2="0">
<subfield code="a">Psicología positiva: emociones positivas y resiliencia en contextos sociofamiliares con Síndrome Down</subfield>
</datafield>
</record></metadata></record></GetRecord></OAI-PMH>